| 000 | 00363nam a22001217a 4500 | ||
|---|---|---|---|
| 082 |
_a631.4 _bBOU _cL-16, P-69 |
||
| 245 |
_aSoil genesis and classification 2nd edn / _cBoul, S.W |
||
| 260 |
_aNew Delhi : _bOxford & IBH Publishing Co Pvt Ltd, _c1980. |
||
| 300 | _ax, 404 p. : | ||
| 526 |
_a0 _b0 _c0 _d631_400000000000000_BOU |
||
| 650 |
_aMCE _9379 |
||
| 942 |
_2ddc _cBK |
||
| 999 |
_c548269 _d548269 |
||